Alexander, Who Used to be Rich Last Sunday (Record no. 11779)

MARC details
000 -LEADER
fixed length control field 00276nam a22000977a 4500
008 - FIXED-LENGTH DATA ELEMENTS--GENERAL INFORMATION
fixed length control field 200215b ||||| |||| 00| 0 eng d
020 ## - INTERNATIONAL STANDARD BOOK NUMBER
International Standard Book Number 9780590468961
100 ## - MAIN ENTRY--PERSONAL NAME
Personal name Viorst Judith
9 (RLIN) 7463
245 ## - TITLE STATEMENT
Title Alexander, Who Used to be Rich Last Sunday
260 ## - PUBLICATION, DISTRIBUTION, ETC. (IMPRINT)
Place of publication, distribution, etc. New York
Name of publisher, distributor, etc. Scholastic
Date of publication, distribution, etc. 1993
Holdings
Withdrawn status Lost status Source of classification or shelving scheme Damaged status Koha normalized classification for sorting Not for loan Home library Current library Shelving location Date acquired Total Checkouts Full call number Barcode Date last seen Price effective from Koha item type
    Dewey Decimal Classification   823_000000000000000_JUNLIB   Good Samaritan School Library Good Samaritan School Library FICTION 02/15/2020   823 JUNLIB VIO15876 02/15/2020 02/15/2020 BOOK

Powered by Koha